000 nam a22 7a 4500
999 _c174671
_d174671
003 Nust
005 20170206160107.0
008 170206b xxu||||| |||| 00| 0 eng d
040 _c0
050 _a628 ASL
082 _a628 ASL
100 _aAslam,Irfan
245 _aHydrodynamics and Longitudinal Dispersion in The Red Cedar River
_cIrfan Aslam
260 _aUSA
_bMichigan State University
_c2002.
300 _a95 p.
_bPB.
440 _aMS Environmental Engineering
500 _aThesis MS EE
650 _aEnvironmental Engineering
700 _4Dr. Thomas C (Supervisor)
942 _2ddc
_cTHE
_kIESE